000 00538nam a2200217Ia 4500
003 OSt
005 20221005121652.0
006 a|||||r|||| 00| 0
007 ta
008 221004b |||||||| |||| 00| 0 mal d
024 _a52841
037 _cTextual
040 _aCRL
_cCRL
_bmal
041 _2mal
_amal
082 _aDelta:864:B96, 32J1.1-.2
245 0 _aHora sastram
260 _c1951
650 _aSPIRITUALISM
942 _hDelta:864:B96, 32J1.1-.2
_cTEXL
_2cc
999 _c1041890
_d1041890